000 00342nam a22001217a 4500
003 SGT
082 _a080
_bK06J
100 _aजैन, इंदू
245 _aकल्पवृक्ष: एक संकलन
260 _bकोलमैन एंड कंपनी लिमिटेड
_c2006
300 _a160
942 _2ddc
_cBK
999 _c31499
_d31499